000 00856cam a22002777a 4500
003 CHAP
005 20220329140510.0
008 971013s1961 r 00010 d
010 _a52876
011 _a53848
035 _a57998
040 _cCHAP
090 _aFolleto 134
100 0 0 _aTropical Products Institute. London.
_9115316
245 1 4 _aThe extraction of tuberose flowers (Polyanthes tuberosa) by the enfleurage process
260 _aLondon :
_bDepartment of Scientific and Industrial Research,
_c1961
300 _a3 p.
490 0 _aTPI. Report
_v; 47/61
590 _aBATCH-UPD
_b10
_c20130110
_lUCH01
_h1837
590 _aCONVERSION
_b10
_c20130109
_lUCH01
_h1329
650 1 4 _aEsencias.
_937677
830 0 _aTPI. Report
_v; 47/61
_9114474
901 _aBK
942 _cFOLL
949 _aFolleto 134
_bBC
_cFOLL
_d-125958
_eTS1
_i57998
_si
999 _c52876
_d52876